000 00476nam a2200181 i 4500
001 bgj
100 1 _aMAURIER, Daphne
_c(DU)
245 1 0 _aRebecca /
_cDaphne du Maurier.
260 _aNew York :
_bPocket Books,
_c1969.
300 _a380 pp ;
_c18 cm.
650 9 _aRemarried people
_zCornwall, (England, County)
650 9 _aRomantic suspense novels
655 _aFiction
040 _cBPK
041 0 _aeng
942 _cKS
008 s uk f |000 0 eng
999 _c48650
_d48650
856 _uhttp://koha.tu.koszalin.pl/cgi-bin/koha/opac-detail.pl?biblionumber=48650
_yKatalog online BPK